Statistics for Countries by Bordering Flags #2

Click here to take the quiz!

General Stats

  • This quiz has been taken 15,721 times
  • The average score is 15 of 20

Answer Stats

Flags Country % Correct
Portugal
99%
Vatican City /
San Marino
87%
South Korea
85%
Finland
85%
Bhutan / Nepal
81%
Liechtenstein
81%
Monaco
81%
Luxembourg
80%
Estonia
78%

Pakistan
78%
Suriname
77%
Mexico
76%
Morocco
74%
Yemen /
United Arab Emirates
73%
Moldova
71%
Chile
70%
Vietnam
69%
Papua New Guinea /
East Timor
57%
Dominican Republic
48%
Burundi
36%

Score Distribution

Percentile by Number Answered

Percent of People with Each Score

Your Score History

You have not taken this quiz